| 000 | 00996 a2200229 4500 | ||
|---|---|---|---|
| 001 | 60392 | ||
| 005 | 20260407155855.0 | ||
| 008 | 260407a1993 arg spa d | ||
| 003 | AR-UNSa-BCEJYS | ||
| 040 |
_aAR-UNSa-BCEJYS _bspa _cAR-UNSa-BCEJYS |
||
| 080 |
_a330.101 _xCiencia económica en general. La economía y sus problemas. Objeto y métodos de la economía política |
||
| 245 | 1 | 0 | _aMarx y la teoría subjetiva del valor |
| 020 | _a978-950-9314-76-4 | ||
| 264 | 1 |
_aBuenos Aires : _bCatálogos Editora _c1993 |
|
| 300 |
_a107 p. _c20 cm. |
||
| 505 | _a1. Análisis subjetivo del valor evolución de la teoría - 2. Resumen y conclusiones sobre el análisis subjetivo – 3. Críticas a la teoría subjetiva del valor – 4. La crítica Marxiana – | ||
| 041 | _aspa | ||
| 942 | _cBK | ||
| 590 | _aniveau_biblio:m niveau_hierar:0 | ||
| 100 | 1 | _aAzcurra, Fernando Hugo | |
| 856 | 4 | 1 |
_uhttps://www.biblioeco.unsa.edu.ar/pmb/images/libros/L129148.jpg _yImagen de portada _qimage/jpeg |
| 999 |
_c6961 _d6961 |
||